[Event "Ch Belgrade (team) (qual. liga)"]
[Site "masterchessopen.com Belgrade (Yugoslavia)"]
[Date "2008.11.10"]
[Round "9"]
[White "Sarenac David (SRB)"]
[Black "Damjanovic Branislav (SRB)"]
[Result "1-0"]
[WhiteElo "2241"]
[BlackElo "2013"]

1.e4 c5 2.Nf3 d6 3.d4 cxd4 4.Nxd4 Nf6 5.f3 e5 6.Bb5+ Bd7 7.Bxd7+ Nbxd7 8.Nf5
Qc7 9.O-O g6 10.Ne3 Nb6 11.Nc3 O-O-O 12.Qd3 a6 13.Kh1 Bh6 14.Ned5 Nfxd5
15.Nxd5 Nxd5 16.Bxh6 Nf4 17.Bxf4 exf4 18.c4 Kb8 19.b4 Rc8 20.Rac1 Qe7 21.Rfd1
Rhd8 22.Qd4 Qe6 23.a4 Qe5 24.Qb6 Rd7 25.Qf2 Rdc7 26.Qe2 a5 27.h3 axb4 28.Rd5
Qe8 29.Qa2 Rc5 30.Rxd6 Ra5 31.Qd2 Qxa4 32.Qxf4 Ka8 33.Qxf7 Qa3 34.Rcd1 b3
35.Rb6 Ra7 36.Rb1 Qc5 37.R6xb3 Qxc4 38.Qxh7 Qc6 39.Rb6 Qc7 40.Qxc7 Rxc7 {#r}
1-0

[Event "Ch Colombia"]
[Site "masterchessopen.com San Andres Islas (Colombia)"]
[Date "2008.12.01"]
[Round "2"]
[White "Uribe Mauricio (COL)"]
[Black "Contreras Henry (COL)"]
[Result "1-0"]
[WhiteElo "2414"]
[BlackElo "2210"]

1.e4 c5 2.Nf3 d6 3.d4 cxd4 4.Nxd4 Nf6 5.f3 e5 6.Bb5+ Bd7 7.Bxd7+ Qxd7 8.Nf5 d5
9.Bg5 dxe4 10.Bxf6 Qxd1+ 11.Kxd1 gxf6 12.fxe4 Rg8 13.g3 Nd7 14.Ke2 Rc8 15.c3
Nc5 16.Nd2 Rd8 17.Rhd1 Rg4 18.Kf3 h5 19.Ne3 Rg6 20.Ndc4 Ne6 21.Rxd8+ Kxd8
22.Rd1+ Kc8 23.h4 Bc5 24.Nf5 Kc7 25.b4 Bf8 26.Nce3 Kc6 27.Nd5 Kb5 28.a4+ Kc4
29.Rb1 Bh6 30.Ke2 {#r} 1-0

[Event "It \"]
[Site "masterchessopen.com Buenos Aires (Argentina)"]
[Date "2008.12.04"]
[Round "5"]
[White "Rodriguez Andres (URU)"]
[Black "Lalanne Pablo (ARG)"]
[Result "1-0"]
[WhiteElo "2508"]
[BlackElo "2210"]

1.e4 c5 2.Nf3 d6 3.d4 cxd4 4.Nxd4 Nf6 5.f3 e5 6.Bb5+ Nbd7 7.Nf5 a6 8.Bxd7+
Qxd7 9.Bg5 d5 10.Bxf6 gxf6 11.O-O dxe4 12.fxe4 Bc5+ 13.Kh1 Qxd1 14.Rxd1 Bxf5
15.exf5 Bd4 16.c3 Be3 17.Na3 Ke7 18.Nc4 Ba7 19.Nd6 Rab8 20.Rd3 Rhd8 21.Rad1 b5
22.b4 Bb6 23.g3 Bc7 24.Ne4 Rxd3 25.Rxd3 Rb6 26.Kg2 Rc6 27.Kf3 Bb6 28.Rd1 Rc4
29.Ra1 a5 30.a3 Rc7 31.Rd1 Ra7 32.Rd5 axb4 33.axb4 Ra3 34.Rxb5 Bd4 35.Ra5 {#r}
1-0

[Event "Ch Ukraine (juniors) (under 20) (1/2 final)"]
[Site "masterchessopen.com Lvov (Ukraine)"]
[Date "2008.12.05"]
[Round "4"]
[White "Danilenko Dmitriy (UKR)"]
[Black "Shevtsov Nikoliy (UKR)"]
[Result "1-0"]
[WhiteElo "2276"]
[BlackElo "2311"]

1.e4 c5 2.Nf3 d6 3.d4 cxd4 4.Nxd4 Nf6 5.f3 e5 6.Bb5+ Bd7 7.Bxd7+ Qxd7 8.Nf5 d5
9.Bg5 dxe4 10.Bxf6 Qxd1+ 11.Kxd1 gxf6 12.fxe4 Rg8 13.g3 Na6 14.c3 Nc5 15.Nd2
Kd7 16.Kc2 Ke6 17.Rhf1 Rc8 18.Rf3 Rg6 19.Raf1 b5 20.Nh4 Rh6 21.Re3 b4 22.c4
Rh5 23.Ndf3 Na4 24.b3 Nc5 25.Nf5 Rd8 26.g4 Rh3 27.N3d4+ exd4 28.Rxh3 d3+
29.Kd1 a5 30.Rh5 a4 31.Ng7+ Kd7 32.Rd5+ Kc8 33.Rxf6 axb3 34.axb3 Rxd5 35.exd5
Nxb3 36.Rxf7 Bxg7 37.Rxg7 Nd4 38.c5 b3 39.c6 Nc2 40.d6 {#r} 1-0

[Event "It (open)"]
[Site "masterchessopen.com Saratov (Russia)"]
[Date "2008.12.17"]
[Round "5"]
[White "Pokusaev Vyacheslav (RUS)"]
[Black "Smirnov Alexandr A (RUS)"]
[Result "1-0"]
[WhiteElo "2205"]
[BlackElo "2135"]

1.e4 c5 2.Nf3 d6 3.d4 cxd4 4.Nxd4 Nf6 5.f3 e5 6.Bb5+ Bd7 7.Bxd7+ Qxd7 8.Nf5 d5
9.Bg5 dxe4 10.Bxf6 Qxd1+ 11.Kxd1 gxf6 12.fxe4 Nc6 13.c3 O-O-O+ 14.Ke2 b5
15.Nd2 Ne7 16.Rhd1 h5 17.a4 b4 18.cxb4 Ng6 19.b5 Nf4+ 20.Kf1 Bb4 21.Nc4 Kb8
22.Nce3 Bc5 23.Nd5 Nxd5 24.Rxd5 Rxd5 25.exd5 Rd8 26.Rd1 Kb7 27.Ke2 Kb6 28.d6
Ka5 29.Rd5 Bg1 30.Ne7 Rd7 31.Nc6+ Kxa4 32.Kd3 e4+ 33.Kc4 {#r} 1-0

[Event "It (open)"]
[Site "masterchessopen.com Cali (Colombia)"]
[Date "2008.12.28"]
[Round "6"]
[White "Pazos Gambarrotti Plinio (ECU)"]
[Black "Mateus Alejandro (COL)"]
[Result "1-0"]
[WhiteElo "2327"]
[BlackElo "2192"]

1.e4 c5 2.Nf3 d6 3.d4 cxd4 4.Nxd4 Nf6 5.f3 e5 6.Bb5+ Nbd7 7.Nf5 d5 8.exd5 a6
9.Bxd7+ Qxd7 10.Ne3 Bc5 11.Nc3 Nh5 12.Ne4 Ba7 13.c4 O-O 14.O-O f5 15.Nf2 f4
16.Nc2 Qd6 17.b3 Qg6 18.d6 Bh3 19.Ne1 Bd4 20.Ba3 Ng3 21.Bc5 Bxc5 22.Qd5+ Qe6
23.Qxc5 Nxf1 24.Kxf1 Bf5 25.Rd1 Rad8 26.Qd5 Qxd5 27.Rxd5 Bb1 28.Rd2 Kf7 29.b4
Ke6 30.c5 Kd7 31.Rb2 Bf5 32.Ned3 Rde8 33.Re2 Bxd3 34.Nxd3 Rf5 35.Nf2 Kc6
36.Ne4 b5 37.Rd2 Rd8 38.Nc3 Rd7 39.Nd5 Rff7 40.Nb6 Rd8 41.Ke2 a5 42.a3 axb4
43.axb4 Ra7 44.d7 Ra1 45.Rd6+ Kb7 46.Nd5 Rc1 47.Rb6+ Ka7 48.c6 Rc2+ 49.Kd3
{#r} 1-0

[Event "It (open)"]
[Site "masterchessopen.com Cali (Colombia)"]
[Date "2008.12.29"]
[Round "7"]
[White "Chavarro Hugo (COL)"]
[Black "Mateus Alejandro (COL)"]
[Result "0-1"]
[WhiteElo "2287"]
[BlackElo "2192"]

1.e4 c5 2.Nf3 d6 3.d4 cxd4 4.Nxd4 Nf6 5.f3 e5 6.Bb5+ Nbd7 7.Nf5 d5 8.exd5 a6
9.Bxd7+ Qxd7 10.Ne3 Bc5 11.Nc3 Nh5 12.O-O f5 13.Kh1 O-O 14.Nc4 f4 15.Ne4 Ba7
16.Ncd6 Qxd6 17.Nxd6 Ng3+ 18.hxg3 Rf6 {#R} 0-1

[Event "It (open)"]
[Site "masterchessopen.com Basel (Switzerland)"]
[Date "2009.01.02"]
[Round "2"]
[White "Peredy Ferenc (HUN)"]
[Black "Jaeggi Dorian (SUI)"]
[Result "0-1"]
[WhiteElo "2277"]
[BlackElo "2255"]

1.e4 c5 2.Nf3 d6 3.d4 cxd4 4.Nxd4 Nf6 5.f3 e5 6.Bb5+ Nbd7 7.Nf5 a6 8.Ba4 b5
9.Bb3 Nc5 10.Nc3 Nxb3 11.axb3 d5 12.Bg5 d4 13.Ne2 h6 14.Bd2 Bxf5 15.exf5 Bc5
16.Nc1 e4 17.O-O e3 18.Nd3 Qd5 19.Bb4 Bxb4 20.Nxb4 Qd7 21.c3 dxc3 22.Qxd7+
Nxd7 23.bxc3 Nc5 24.Rfe1 O-O 25.Rab1 Rfe8 26.Re2 Rad8 27.Kf1 Rd6 28.Ra1 Nxb3
29.Rae1 Nd2+ 30.Kg1 Nc4 31.Nc2 Rd3 32.Nb4 Rxc3 33.Nxa6 Rd8 34.Nb4 Rd2 35.Kf1
Rb3 36.Na6 Rbb2 37.Nc5 Rxe2 38.Rxe2 Nd2+ {#R} 0-1

[Event "Ch Ukraine (juniors) (under 20)"]
[Site "masterchessopen.com Lugansk (Ukraine)"]
[Date "2009.04.10"]
[Round "9"]
[White "Romashko Andrei (UKR)"]
[Black "Shagbazyan Taron (UKR)"]
[Result "1-0"]
[WhiteElo "2298"]
[BlackElo "2209"]

1.e4 c5 2.Nf3 d6 3.d4 cxd4 4.Nxd4 Nf6 5.f3 e5 6.Bb5+ Nbd7 7.Nf5 d5 8.exd5 a6
9.Ba4 b5 10.Bb3 Nc5 11.Ne3 Bd6 12.Nc3 O-O 13.Qe2 Nh5 14.g3 f5 15.Nf1 Bd7
16.Be3 Rc8 17.Bxc5 Rxc5 18.a3 a5 19.a4 b4 20.Nb5 Bxb5 21.axb5 Nf6 22.Ne3 f4
23.Nc4 Nh5 24.g4 Nf6 25.Nxa5 e4 26.Nb7 Qb6 27.Nxc5 Qxc5 28.g5 Nd7 29.Qxe4 Ne5
30.Kf1 Ng6 31.h4 Ne7 32.Kg2 Nf5 33.Ra6 Qxb5 34.Bc4 Qb8 35.Bd3 Be5 36.Re1 Ne3+
37.Rxe3 fxe3 38.Qxh7+ Kf7 39.Re6 {#r} 1-0

[Event "Ch Ukraine (juniors) (under 20)"]
[Site "masterchessopen.com Lugansk (Ukraine)"]
[Date "2009.04.12"]
[Round "11"]
[White "Danilenko Dmitriy (UKR)"]
[Black "Shagbazyan Taron (UKR)"]
[Result "1-0"]
[WhiteElo "2290"]
[BlackElo "2209"]

1.e4 c5 2.Nf3 d6 3.d4 cxd4 4.Nxd4 Nf6 5.f3 e5 6.Bb5+ Nbd7 7.Nf5 d5 8.exd5 a6
9.Ba4 b5 10.Bb3 Nc5 11.Ne3 Bd6 12.Nc3 O-O 13.O-O Qd7 14.Qe2 Nh5 15.Ne4 f5
16.Nxd6 Qxd6 17.Bd2 Nf4 18.Qf2 Nxb3 19.axb3 Nxd5 20.Rfd1 Nxe3 21.Bxe3 Qc7
22.Bb6 Qc6 23.Bc5 Re8 24.Rd6 Qc7 25.Rad1 Be6 26.b4 Qf7 27.Qe3 Qf6 28.Re1 Red8
29.Rb6 Rd5 30.Bd6 Qd8 31.Bc5 Qd7 32.b3 Bf7 33.h3 h6 34.Kh2 Rd2 35.Qxe5 Re8
36.Rb8 Rxb8 37.Qxb8+ Kh7 38.Qf4 Rxc2 39.Re7 Qd5 40.Bd4 Kg8 41.Re5 Qxb3 42.Qg3
g6 43.Rc5 {#r} 1-0

[Event "Tournament (open)"]
[Site "masterchessopen.com Novosibirsk (Russia)"]
[Date "2009.04.14"]
[Round "9"]
[White "Novichkov Vladimir (RUS)"]
[Black "Moskalev Alexander (RUS)"]
[Result "1-0"]
[WhiteElo "2144"]
[BlackElo "1887"]

1.e4 c5 2.Nf3 d6 3.d4 cxd4 4.Nxd4 Nf6 5.f3 e5 6.Bb5+ Bd7 7.Bxd7+ Qxd7 8.Nf5 d5
9.Bg5 Ng8 10.Qxd5 Qxd5 11.exd5 g6 12.Ne3 f6 13.Bh4 Bh6 14.Bf2 Bxe3 15.Bxe3 Ne7
16.Nc3 Na6 17.O-O-O Nf5 18.Bf2 Nd6 19.Rhe1 Kd7 20.Bh4 Rhf8 21.Ne4 g5 22.Bf2 h6
23.b3 b6 24.Kb2 Rae8 25.c4 f5 26.Nc3 e4 27.a3 g4 28.f4 Rb8 29.Bd4 Nc5 30.Kc2
Rfe8 31.Be5 Nd3 32.Rxd3 exd3+ 33.Kxd3 a6 34.Kd4 a5 35.Rc1 Rb7 36.b4 axb4
37.axb4 Rc8 38.Bxd6 Kxd6 39.Nb5+ Kd7 40.Re1 Ra8 41.Re5 Ra2 42.Rxf5 Rb8 43.Rf7+
Ke8 44.Rh7 {#r} 1-0

[Event "Cup Slovenia (team)"]
[Site "masterchessopen.com Otocec (Slovenia)"]
[Date "2009.05.22"]
[Round "1"]
[White "Plaskan Jure (SLO)"]
[Black "Kokol Peter (SLO)"]
[Result "0-1"]
[WhiteElo "2187"]
[BlackElo "2346"]

1.e4 c5 2.Nf3 d6 3.d4 cxd4 4.Nxd4 Nf6 5.f3 e5 6.Bb5+ Bd7 7.Bxd7+ Qxd7 8.Nf5 d5
9.Bg5 Nc6 10.Nc3 dxe4 11.fxe4 Nd4 12.Bxf6 Nxf5 13.Qxd7+ Kxd7 14.O-O-O+ Ke6
15.exf5+ Kxf6 16.Rhf1 Rc8 17.Rd7 Rxc3 18.bxc3 Bc5 19.g4 Be3+ 20.Kb2 h5 21.Rf3
Bg5 22.Rh3 e4 23.Rd4 Re8 24.Rxh5 e3 25.h4 Bf4 26.Rh8 Re5 27.Rhd8 Rb5+ 28.Ka3
e2 29.Re4 Re5 30.Re8 Rxe8 31.Rxe8 Be5 32.g5+ Kxf5 33.g6 e1=Q {#R} 0-1

[Event "Memorial V.Doroshkevich (open)"]
[Site "masterchessopen.com Belorechensk (Russia)"]
[Date "2009.05.30"]
[Round "8"]
[White "Gorkavij Vadim (RUS)"]
[Black "Kruchev Boris (RUS)"]
[Result "1-0"]
[WhiteElo "2353"]
[BlackElo "2249"]

1.e4 c5 2.Nf3 d6 3.d4 cxd4 4.Nxd4 Nf6 5.f3 e5 6.Bb5+ Nfd7 7.Nf5 a6 8.Ba4 Qc7
9.Nc3 b5 10.Nd5 Qd8 11.Bb3 Nc5 12.O-O g6 13.Nh6 Be6 14.Be3 Nbd7 15.Qd2 Rc8
16.Bg5 f6 17.Be3 Bxh6 18.Bxh6 g5 19.h4 Rg8 20.h5 Bf7 21.Ne3 Nxb3 22.axb3 Qb6
23.Kh2 Bxh5 24.Nf5 Kd8 25.Nxd6 Rxc2 26.Qd5 Re8 27.Rfd1 Qc6 28.Rxa6 Qxd5
29.Rxd5 Re6 30.Ra8+ Ke7 31.Nf5+ {#r} 1-0

[Event "Ch Region (open)"]
[Site "masterchessopen.com Saratov (Russia)"]
[Date "2009.06.08"]
[Round "8"]
[White "Astashin Alexander (RUS)"]
[Black "Shukh Nikolai (RUS)"]
[Result "0-1"]
[WhiteElo "2175"]
[BlackElo "2403"]

1.e4 c5 2.Nf3 d6 3.d4 cxd4 4.Nxd4 Nf6 5.f3 e5 6.Bb5+ Nbd7 7.Ne2 d5 8.exd5 Bc5
9.c4 O-O 10.Nbc3 e4 11.f4 Nb6 12.Na4 Nxa4 13.Bxa4 Ng4 14.Qb3 Qh4+ 15.Ng3 Nf2
16.Rf1 Nd3+ 17.Kd1 Bg4+ 18.Kc2 Qxh2 19.Nxe4 Qxg2+ 20.Bd2 Nb4+ 21.Qxb4 Bxb4
22.Kd3 Qe2+ 23.Kd4 Bxd2 {#R} 0-1

[Event "It (open)"]
[Site "masterchessopen.com Voronezh (Russia)"]
[Date "2009.06.19"]
[Round "8"]
[White "Gorkavij Vadim (RUS)"]
[Black "Kozganbayev Erken (KAZ)"]
[Result "0-1"]
[WhiteElo "2353"]
[BlackElo "2249"]

1.e4 c5 2.Nf3 d6 3.d4 cxd4 4.Nxd4 Nf6 5.f3 e5 6.Bb5+ Nbd7 7.Nf5 Qc7 8.Bg5 a6
9.Bxf6 gxf6 10.Ba4 b5 11.Bb3 Nb6 12.Nc3 Bxf5 13.exf5 Qc5 14.Qd3 Qc7 15.Rd1 Be7
16.Qe4 Rc8 17.Qg4 Bf8 18.Ne4 Qd8 19.Qh4 Be7 20.Qh6 d5 21.Qg7 Rf8 22.Qxh7 a5
23.c3 a4 24.Bc2 Qc7 25.Nf2 a3 26.Bd3 axb2 27.Bxb5+ Kd8 28.c4 d4 29.O-O Nxc4
30.Qh6 Qa5 31.a4 Na3 32.Bd3 Qxa4 33.Ne4 Qc6 34.h4 Rb8 35.f4 b1=Q 36.Bxb1 Nxb1
37.fxe5 Qxe4 {#R} 0-1

[Event "Cup Dvorkovich (juniors) (team)"]
[Site "masterchessopen.com Moscow (Russia)"]
[Date "2009.06.22"]
[Round "5"]
[White "Danilenko Dmitriy (UKR)"]
[Black "Antipov Mikhail Al (RUS)"]
[Result "1-0"]
[WhiteElo "2290"]
[BlackElo "2191"]

1.e4 c5 2.Nf3 d6 3.d4 cxd4 4.Nxd4 Nf6 5.f3 e5 6.Bb5+ Nbd7 7.Nf5 d5 8.exd5 a6
9.Ba4 b5 10.Bb3 Nb6 11.Ne3 Bb7 12.Nc3 Bc5 13.Qd3 O-O 14.Ne4 Bxe3 15.Bxe3 Nbxd5
16.O-O-O Nxe3 17.Qxe3 Qe7 18.Nd6 Bc6 19.Nf5 Qc7 20.Nxg7 Kxg7 21.Qg5+ Kh8
22.Qxf6+ Kg8 23.Rd6 Rac8 24.Rhd1 a5 25.c3 b4 26.Bc2 e4 27.fxe4 bxc3 28.b3 Qb7
29.R1d4 Qb5 30.e5 {#r} 1-0

[Event "Cup Dvorkovich (juniors) (team)"]
[Site "masterchessopen.com Moscow (Russia)"]
[Date "2009.06.25"]
[Round "10"]
[White "Danilenko Dmitriy (UKR)"]
[Black "Dragun Kamil (POL)"]
[Result "1-0"]
[WhiteElo "2290"]
[BlackElo "2232"]

1.e4 c5 2.Nf3 d6 3.d4 cxd4 4.Nxd4 Nf6 5.f3 e5 6.Bb5+ Nbd7 7.Nf5 d5 8.exd5 a6
9.Ba4 b5 10.Bb3 Nc5 11.Ne3 Nxb3 12.axb3 Bc5 13.c4 Nh5 14.O-O f5 15.b4 Bd4
16.f4 Nxf4 17.Rxf4 Bxe3+ 18.Bxe3 exf4 19.Bc5 bxc4 20.Nc3 Kf7 21.Qh5+ g6 22.Qh6
Rb8 23.Bd4 Qf8 24.Qxf4 Bd7 25.Qe5 {#r} 1-0

[Event "Cup Dvorkovich (juniors) (team)"]
[Site "masterchessopen.com Moscow (Russia)"]
[Date "2009.06.26"]
[Round "11"]
[White "Antipov Mikhail Al (RUS)"]
[Black "Bukavshin Ivan (RUS)"]
[Result "0-1"]
[WhiteElo "2191"]
[BlackElo "2404"]

1.e4 c5 2.Nf3 d6 3.d4 cxd4 4.Nxd4 Nf6 5.f3 e5 6.Bb5+ Nbd7 7.Nf5 d5 8.exd5 a6
9.Ba4 b5 10.Bb3 Nb6 11.Ne3 Bc5 12.Nc3 O-O 13.O-O Bf5 14.Kh1 Bg6 15.Ne4 Nxe4
16.fxe4 Bxe4 17.Qg4 Bg6 18.Nf5 Nc8 19.Bg5 f6 20.Nh4 Nd6 21.Nxg6 hxg6 22.Bd2
Qe8 23.a4 f5 24.Qe2 Qe7 25.Bf4 Rae8 26.Rfe1 Kh7 27.Qf3 Qf6 28.Qh3+ Kg8 29.Be3
Bxe3 30.Rxe3 e4 31.Rc3 f4 32.Rf1 e3 33.Rc6 Re5 34.Qf3 e2 35.Re1 Qh4 36.Qc3 Qf2
37.h3 f3 38.gxf3 Rxf3 {#R} 0-1

[Event "It (open)"]
[Site "masterchessopen.com Barbera (Spain)"]
[Date "2009.07.09"]
[Round "6"]
[White "Ridameya Tatche Jose (ESP)"]
[Black "Anuprita Patil (IND)"]
[Result "0-1"]
[WhiteElo "2123"]
[BlackElo "2059"]

1.e4 c5 2.Nf3 d6 3.d4 cxd4 4.Nxd4 Nf6 5.f3 e5 6.Bb5+ Nbd7 7.Nb3 Be7 8.Be3 O-O
9.O-O Nb6 10.a4 Be6 11.a5 Nc4 12.Bxc4 Bxc4 13.Re1 d5 14.N3d2 Ba6 15.exd5 Nxd5
16.Bf2 Qc7 17.c4 Nf4 18.Qb3 Rfd8 19.Be3 Rd3 20.Qc2 Bc5 21.Bxc5 Qxc5+ 22.Kf1
Rad8 23.Ra3 Rxd2 24.Nxd2 Rxd2 {#R} 0-1

[Event "Memorial M.Najdorf (open)"]
[Site "masterchessopen.com Warsaw (Poland)"]
[Date "2009.07.20"]
[Round "3"]
[White "Strzemiecki Zbigniew (POL)"]
[Black "Brodsky Michail (UKR)"]
[Result "0-1"]
[WhiteElo "2314"]
[BlackElo "2522"]

1.e4 c5 2.Nf3 d6 3.d4 cxd4 4.Nxd4 Nf6 5.f3 e5 6.Bb5+ Nbd7 7.Nf5 d5 8.exd5 a6
9.Ba4 b5 10.Bb3 Nb6 11.Ne3 Bc5 12.Nc3 b4 13.Na4 Nxa4 14.Bxa4+ Bd7 15.c4 bxc3
16.bxc3 O-O 17.Bxd7 Qxd7 18.c4 Rfc8 19.Qd3 Rab8 20.Bd2 Qa4 21.O-O Rb2 22.Kh1
Rxa2 23.Rxa2 Qxa2 24.Nf5 Bf8 25.Bg5 Nd7 26.Ne3 h6 27.Bh4 Nc5 28.Qf5 Re8 29.Re1
a5 30.d6 Bxd6 31.Qg4 Bf8 32.Nd5 Re6 33.Bf6 Nd3 34.Rf1 Nf2+ 35.Rxf2 Qa1+ {#R}
0-1

[Event "Ch Russia (club) (juniors) (under 18)"]
[Site "masterchessopen.com Rybinsk (Russia)"]
[Date "2009.08.08"]
[Round "7"]
[White "Miloserdova Irina (RUS)"]
[Black "Frolova Ekaterina (RUS)"]
[Result "1-0"]
[WhiteElo "2019"]
[BlackElo "1967"]

1.e4 c5 2.Nf3 d6 3.d4 cxd4 4.Nxd4 Nf6 5.f3 e5 6.Bb5+ Nbd7 7.Nf5 d5 8.exd5 a6
9.Ba4 b5 10.Bb3 Nb6 11.Ne3 Bc5 12.Nc3 b4 13.Ne4 Nxe4 14.fxe4 Qh4+ 15.Kf1 Qxe4
16.Qf3 Qg6 17.Qg3 Qxg3 18.hxg3 Bb7 19.Ke2 Rd8 20.Nf5 O-O 21.Bg5 Rd7 22.d6 Bxg2
23.Rh4 e4 24.Be7 Bf3+ 25.Ke1 Ra8 26.Rf4 Nc8 27.Nh6+ gxh6 28.Rxf7 Nxd6 29.Rxf3+
Kg7 30.Bf6+ Kg6 31.Rf4 Be3 32.Rf1 Rf8 33.Be5 Rxf1+ 34.Kxf1 h5 35.Rd1 Bc5
36.Rd5 Rf7+ 37.Bf4 Nb7 38.Rg5+ Kf6 39.Bxf7 Kxf7 40.Rxh5 Kg6 41.Rh6+ Kf5
42.Rxh7 Nd6 43.Rh5+ {#r} 1-0

[Event "Ch Slovenia (team) (juniors)"]
[Site "masterchessopen.com Nova Gorica (Slovenia)"]
[Date "2009.08.22"]
[Round "1"]
[White "Plaskan Jure (SLO)"]
[Black "Titan Matej (SLO)"]
[Result "1-0"]
[WhiteElo "2187"]
[BlackElo "1974"]

1.e4 c5 2.Nf3 d6 3.d4 cxd4 4.Nxd4 Nf6 5.f3 e5 6.Bb5+ Nbd7 7.Nf5 d5 8.exd5 a6
9.Ba4 b5 10.Bb3 Nb6 11.Ne3 Bc5 12.Nc3 Bb7 13.Qd3 O-O 14.Ne4 Bxe3 15.Bxe3 Nbxd5
16.O-O-O Qe7 17.Nxf6+ Nxf6 18.Bg5 Rad8 19.Qe3 a5 20.Bxf6 gxf6 21.c3 Rxd1+
22.Rxd1 Rd8 23.Rxd8+ Qxd8 24.Bc2 Kg7 25.Qf2 Qd6 26.Qg3+ Kf8 27.Bxh7 Qc5 28.Qe1
b4 29.Kc2 Bd5 30.b3 Be6 31.Bd3 a4 32.c4 a3 33.Qd2 Kg7 34.Be4 Bc8 35.g4 f5
36.gxf5 Kf6 37.h4 Kg7 38.f6+ Kxf6 39.Qg5+ Ke6 40.Bf5+ Kd6 41.Qd8+ {#r} 1-0

[Event "It (open)"]
[Site "masterchessopen.com Nikaia (Greece)"]
[Date "2009.08.23"]
[Round "2"]
[White "Vatkali Dimitra (GRE)"]
[Black "Kotrotsos Vasilios (GRE)"]
[Result "0-1"]
[WhiteElo "1865"]
[BlackElo "2359"]

1.e4 c5 2.Nf3 d6 3.d4 cxd4 4.Nxd4 Nf6 5.f3 e5 6.Bb5+ Nbd7 7.Ne2 a6 8.Bxd7+
Bxd7 9.Be3 Be7 10.Nbc3 O-O 11.Qd2 b5 12.O-O b4 13.Nd5 Nxd5 14.exd5 Rc8 15.c3
bxc3 16.Nxc3 f5 17.Rfc1 Qa5 18.a3 Bf6 19.b4 Qd8 20.Rab1 Qe8 21.Bg5 Qh5 22.Be3
g5 23.Qe2 e4 24.fxe4 g4 25.Qd2 f4 26.Bd4 g3 27.h3 Bxd4+ 28.Qxd4 Bxh3 29.gxh3
Qxh3 30.Nd1 Qh2+ 31.Kf1 g2+ {#R} 0-1

[Event "It (open)"]
[Site "masterchessopen.com Nikaia (Greece)"]
[Date "2009.08.28"]
[Round "8"]
[White "Vatkali Dimitra (GRE)"]
[Black "Hristodoulou Panagiotis (GRE)"]
[Result "1-0"]
[WhiteElo "1865"]
[BlackElo "2125"]

1.e4 c5 2.Nf3 d6 3.d4 cxd4 4.Nxd4 Nf6 5.f3 e5 6.Bb5+ Nbd7 7.Nf5 d5 8.exd5 a6
9.Ba4 Qa5+ 10.Nc3 b5 11.Bb3 Nc5 12.Ne3 Nxb3 13.cxb3 Bc5 14.Bd2 Qb6 15.Qe2 Bb7
16.Ne4 Bd4 17.Nf5 O-O 18.Bb4 Rfe8 19.Ned6 Nxd5 20.Nxe8 Nf4 21.Qd2 Bf2+ 22.Kf1
Rxe8 23.Ba5 Qg6 24.Ne7+ {#r} 1-0

[Event "It (open)"]
[Site "masterchessopen.com Yuzhny (Ukraine)"]
[Date "2009.09.11"]
[Round "6"]
[White "Daryev Sergey (UKR)"]
[Black "Roschupkin Volodymyr (UKR)"]
[Result "1-0"]
[WhiteElo "2086"]
[BlackElo "1986"]

1.Nf3 c5 2.e4 d6 3.d4 cxd4 4.Nxd4 Nf6 5.f3 e5 6.Bb5+ Nbd7 7.Nf5 d5 8.exd5 Qa5+
9.Nc3 a6 10.Bxd7+ Bxd7 11.Ne3 Bb4 12.Bd2 Qc5 13.Kf2 O-O 14.a3 Bxc3 15.Bxc3
Rfe8 16.Bb4 Qb6 17.c4 a5 18.Bc3 a4 19.Re1 Nh5 20.Kg1 f5 21.Kh1 Qg6 22.Qc2 e4
23.g4 fxg4 24.fxg4 Nf4 25.Rg1 Qb6 26.Qd2 Nd3 27.Raf1 Ne5 28.Bxe5 Rxe5 29.Qc3
Rae8 30.Rf4 Qc5 31.Rgf1 R5e7 32.Qb4 Qxe3 33.Qxe7 Qxf4 34.Qxe8+ Bxe8 35.Rxf4
{#r} 1-0

[Event "It (open)"]
[Site "masterchessopen.com Cali (Colombia)"]
[Date "2009.12.27"]
[Round "2"]
[White "Chavarro Hugo (COL)"]
[Black "Bolivar Jeyson (COL)"]
[Result "1-0"]
[WhiteElo "2289"]
[BlackElo "2122"]

1.e4 c5 2.Nf3 d6 3.d4 cxd4 4.Nxd4 Nf6 5.f3 e5 6.Bb5+ Bd7 7.Bxd7+ Qxd7 8.Nf5 d5
9.Bg5 dxe4 10.Bxf6 Qxd1+ 11.Kxd1 gxf6 12.fxe4 Nc6 13.Nd2 Rg8 14.g3 O-O-O 15.c3
Ne7 16.Nxe7+ Bxe7 17.Kc2 Kd7 18.Nf3 Ke6 19.Nh4 Rg4 20.Rae1 Bc5 21.Nf5 Rd7
22.h3 Rg6 23.Rd1 a5 24.Rxd7 Kxd7 25.Rd1+ Kc7 26.Rd5 b6 27.Kd3 h5 28.Kc4 Rg8
29.Kb5 Bf2 30.Rd6 Rxg3 31.Rc6+ {#r} 1-0

[Event "Ch Singapore (open)"]
[Site "masterchessopen.com Singapore"]
[Date "2010.01.10"]
[Round "3"]
[White "Lo Kin Mun Dominic (SIN)"]
[Black "Muhd Haikal (SIN)"]
[Result "0-1"]
[WhiteElo "2244"]
[BlackElo "1953"]

1.e4 c5 2.Nf3 d6 3.d4 cxd4 4.Nxd4 Nf6 5.f3 e5 6.Bb5+ Nbd7 7.Nf5 d5 8.exd5 a6
9.Ba4 b5 10.Bb3 Nb6 11.Ne3 Bc5 12.Nc3 O-O 13.Qd3 b4 14.Ne4 Nxe4 15.fxe4 a5
16.c4 bxc3 17.bxc3 Ba6 18.c4 a4 19.Bc2 Bxe3 20.Qxe3 Nxc4 21.Qf2 Nd6 22.Be3 Rc8
23.Rb1 Qc7 24.Rc1 Qc4 25.Bd1 Qxe4 26.Qf3 Rxc1 27.Qxe4 Rxd1+ 28.Kxd1 Nxe4
29.Kc2 Bc4 30.d6 Nxd6 31.Bc5 Rd8 32.Rd1 Nb7 33.Rxd8+ Nxd8 34.a3 Ne6 35.Be3 f5
36.Kc3 Bb3 37.Ba7 Kf7 38.g3 Nd4 39.Kd3 Nf3 40.h3 e4+ 41.Ke3 g5 42.Bc5 Ne5
43.Kd4 Nc4 {#R} 0-1

[Event "It \"]
[Site "masterchessopen.com New Delhi (India)"]
[Date "2010.01.17"]
[Round "6"]
[White "Sangma Rahul (IND)"]
[Black "Patil Pratik (IND)"]
[Result "1-0"]
[WhiteElo "2406"]
[BlackElo "1911"]

1.e4 c5 2.Nf3 d6 3.d4 cxd4 4.Nxd4 Nf6 5.f3 e5 6.Bb5+ Bd7 7.Bxd7+ Qxd7 8.Nf5 g6
9.Ne3 Nc6 10.O-O Bg7 11.c4 O-O 12.Nc3 Kh8 13.b3 Rad8 14.Kh1 a6 15.Qd3 Nh5
16.Ned5 Ne7 17.Bg5 Nxd5 18.Nxd5 f6 19.Be3 f5 20.Rad1 Nf6 21.Nxf6 Bxf6 22.Bb6
fxe4 23.fxe4 Rde8 24.Qxd6 Qxd6 25.Rxd6 Be7 26.Rdd1 Rxf1+ 27.Rxf1 Bd8 28.Be3
Kg7 29.Kg1 Be7 30.Rd1 Kf7 31.Rd7 b5 32.cxb5 axb5 33.Bc5 Ke6 34.Rxe7+ Rxe7
35.Bxe7 Kxe7 36.b4 {#r} 1-0

[Event "It (open)"]
[Site "masterchessopen.com Rio de Janeiro (Brazil)"]
[Date "2010.02.21"]
[Round "6"]
[White "Souza Filho Tadeu Souza"]
[Black "Reis Ernesto (BRA)"]
[Result "1-0"]
[WhiteElo "2098"]
[BlackElo "1961"]

1.e4 c5 2.Nf3 d6 3.d4 cxd4 4.Nxd4 Nf6 5.f3 e5 6.Bb5+ Bd7 7.Bxd7+ Qxd7 8.Nf5 g6
9.Nh6 d5 10.Bg5 Qe6 11.Nc3 Bb4 12.O-O Bxc3 13.bxc3 Nbd7 14.Qd3 Qc6 15.Rad1 Rc8
16.exd5 Qxc3 17.Qe2 Qxc2 18.Rd2 Qc5+ 19.Kh1 Kf8 20.Bxf6 Nxf6 21.Qxe5 Qc3
22.Rd4 Rc4 23.Qxf6 {#r} 1-0

[Event "It (open) \"]
[Site "masterchessopen.com Frydek-Mistek (Czech Republic)"]
[Date "2010.04.02"]
[Round "4"]
[White "Leks Maria (POL)"]
[Black "Pilch Roman (CZE)"]
[Result "1-0"]
[WhiteElo "2052"]
[BlackElo "2101"]

1.e4 c5 2.Nf3 d6 3.d4 cxd4 4.Nxd4 Nf6 5.f3 e5 6.Bb5+ Bd7 7.Bxd7+ Qxd7 8.Nf5 d5
9.Bg5 dxe4 10.Bxf6 gxf6 11.fxe4 Bb4+ 12.c3 Qxd1+ 13.Kxd1 Bc5 14.Nd2 Nc6 15.Kc2
Rg8 16.g3 Ne7 17.Rhf1 Rd8 18.b4 Nxf5 19.Rxf5 Be7 20.Nf1 Rg4 21.Re1 Kd7 22.h3
Rg6 23.Rd1+ Ke6 24.Rxd8 Bxd8 25.g4 Rh6 26.Rf3 Bb6 27.a4 a6 28.Rd3 Rh4 29.Nd2
Ke7 30.Nc4 Bc7 31.Ne3 {#r} 1-0